Hair. (Record no. 1882)

MARC details
000 -LEADER
fixed length control field 03104cjm a2200685 i 4500
001 - CONTROL NUMBER
control field data
005 - DATE AND TIME OF LATEST TRANSACTION
control field 20260322212122.0
007 - PHYSICAL DESCRIPTION FIXED FIELD--GENERAL INFORMATION
fixed length control field data
008 - FIXED-LENGTH DATA ELEMENTS--GENERAL INFORMATION
fixed length control field data
035 ## - SYSTEM CONTROL NUMBER
System control number 23520619
010 ## - LIBRARY OF CONGRESS CONTROL NUMBER
LC control number 2024617061
028 02 - PUBLISHER OR DISTRIBUTOR NUMBER
Publisher or distributor number MUS C N62
Source TER
035 ## - SYSTEM CONTROL NUMBER
System control number (OCoLC)863606394
040 ## - CATALOGING SOURCE
Original cataloging agency EQO
Language of cataloging eng
Description conventions rda
Transcribing agency EQO
Modifying agency DLC
-- OCLCF
-- OCLCQ
-- OCLCO
-- OCLCL
-- DLC
042 ## - AUTHENTICATION CODE
Authentication code lccopycat
050 00 - LIBRARY OF CONGRESS CALL NUMBER
Classification number SDD 72922
100 1# - MAIN ENTRY--PERSONAL NAME
Personal name MacDermot, Galt,
Relator term composer.
245 10 - TITLE STATEMENT
Title Hair.
264 #1 - PRODUCTION, PUBLICATION, DISTRIBUTION, MANUFACTURE, AND COPYRIGHT NOTICE
Place of production, publication, distribution, manufacture [London] :
Name of producer, publisher, distributor, manufacturer Orbis Publishing,
-- Orbis Publishing,
Date of production, publication, distribution, manufacture, or copyright notice [1996]
264 #4 - PRODUCTION, PUBLICATION, DISTRIBUTION, MANUFACTURE, AND COPYRIGHT NOTICE
Date of production, publication, distribution, manufacture, or copyright notice ℗1996
300 ## - PHYSICAL DESCRIPTION
Extent 1 audio disc (34 min., 37 sec.) :
Other physical details digital, stereo ;
Dimensions 4 3/4 in.
306 ## - PLAYING TIME
Playing time 003437
336 ## - CONTENT TYPE
Content type term performed music
Content type code prm
Source rdacontent
337 ## - MEDIA TYPE
Media type term audio
Media type code s
Source rdamedia
338 ## - CARRIER TYPE
Carrier type term audio disc
Carrier type code sd
Source rdacarrier
344 ## - SOUND CHARACTERISTICS
Type of recording digital
Source rdatr
344 ## - SOUND CHARACTERISTICS
Recording medium optical
Source rdarm
344 ## - SOUND CHARACTERISTICS
Configuration of playback channels stereo
Source rdacpc
347 ## - DIGITAL FILE CHARACTERISTICS
File type audio file
Source rdaft
347 ## - DIGITAL FILE CHARACTERISTICS
Encoding format CD audio
490 0# - SERIES STATEMENT
Series statement Musicals collection ;
Volume/sequential designation 62
500 ## - GENERAL NOTE
General note Title from disc label.
500 ## - GENERAL NOTE
General note Music by Galt MacDermot ; book and lyrics by Gerome Ragni and James Rado.
500 ## - GENERAL NOTE
General note Issued with 'The musicals collection' v. 62.
505 0# - FORMATTED CONTENTS NOTE
Formatted contents note Aquarius (2:53) -- Donna (2:08) -- I got life (3:05) -- Air (1:28) -- Hair (2:58) -- Easy to be hard (2:35) -- Frank Mills (2:07) -- Where do I go? (2:40) -- Black boys, white boys (3:38) -- Walking in space (4:56) -- Good morning starshine (2:32) -- The flesh failure (Let the sun shine in) (3:38).
508 ## - CREATION/PRODUCTION CREDITS NOTE
Creation/production credits note Recording engineer, Peter Cobbin ; produced for records John Yap.
511 0# - PARTICIPANT OR PERFORMER NOTE
Participant or performer note Graham Bickley (Claude) ; Mark O'Malley (Berger) ; Issy Van Randwyck (Sheila) ; P.P. Arnold (Dionne) ; Catherine Porter (Jeanie) ; Katrina Murphy (Crissy) ; Aidan Bell (Margaret Mead) ; National Symphony Orchestra (called NSO Ensemble in booklet) ; Stephen Brooker, conductor.
518 ## - DATE/TIME AND PLACE OF AN EVENT NOTE
Other event information Recorded in digital stereo DDD
Place of event Abbey Road Studios, London.
650 #0 - SUBJECT ADDED ENTRY--TOPICAL TERM
Topical term or geographic name entry element Musicals.
650 #0 - SUBJECT ADDED ENTRY--TOPICAL TERM
Topical term or geographic name entry element Rock music.
650 #7 - SUBJECT ADDED ENTRY--TOPICAL TERM
Topical term or geographic name entry element Musicals.
Source of heading or term fast
Authority record control number or standard number (OCoLC)fst01030814
655 #7 - INDEX TERM--GENRE/FORM
Genre/form data or focus term Musicals.
Source of term lcgft
655 #7 - INDEX TERM--GENRE/FORM
Genre/form data or focus term Rock music.
Source of term lcgft
700 1# - ADDED ENTRY--PERSONAL NAME
Personal name Ragni, Gerome,
Relator term lyricist.
-- lyricist.
700 1# - ADDED ENTRY--PERSONAL NAME
Personal name Rado, James,
Relator term lyricist.
-- lyricist.
700 1# - ADDED ENTRY--PERSONAL NAME
Personal name Bickley, Graham,
Relator term singer.
700 1# - ADDED ENTRY--PERSONAL NAME
Personal name O'Malley, Mark
Titles and other words associated with a name (Actor),
Relator term singer.
700 1# - ADDED ENTRY--PERSONAL NAME
Personal name Van Randwyck, Issy,
Relator term singer.
700 1# - ADDED ENTRY--PERSONAL NAME
Personal name Arnold, P. P.,
Relator term singer.
700 1# - ADDED ENTRY--PERSONAL NAME
Personal name Porter, Catherine,
Dates associated with a name 1979-
Relator term singer.
700 1# - ADDED ENTRY--PERSONAL NAME
Personal name Murphy, Katrina,
Relator term singer.
700 1# - ADDED ENTRY--PERSONAL NAME
Personal name Bell, Aidan,
Dates associated with a name 1964-
Relator term singer.
Real World Object URI https://id.oclc.org/worldcat/entity/E39PCjJrBpYy4KvhGhG4cQDCkP
700 1# - ADDED ENTRY--PERSONAL NAME
Personal name Ferber, Edna,
Dates associated with a name 1887-1968,
Relator term singer.
Real World Object URI https://id.oclc.org/worldcat/entity/E39PBJgmT9RXf8YTppRJfmXfMP
700 1# - ADDED ENTRY--PERSONAL NAME
Personal name Brooker, Stephen
Titles and other words associated with a name (Conductor)
Relator term conductor.
Real World Object URI https://id.oclc.org/worldcat/entity/E39PCjJRkmJG9y7grMJFJHbdry
700 1# - ADDED ENTRY--PERSONAL NAME
Personal name Yap, John,
Relator term audio producer.
710 2# - ADDED ENTRY--CORPORATE NAME
Corporate name or jurisdiction name as entry element National Symphony Orchestra (London, England),
Relator term performer.
906 ## - LOCAL DATA ELEMENT F, LDF (RLIN)
a 7
b cbc
c copycat
d 2
e ncip
f 20
g y-soundrec
925 0# -
-- acquire
-- 2 shelf copies
-- policy default
Holdings
Withdrawn status Lost status Damaged status Not for loan Home library Current library Shelving location Date acquired Total checkouts Full call number Barcode Date last seen Price effective from Koha item type
        Troy Troy General stacks 22/03/2026   SDD 72922 LOC-TPL-00014 22/03/2026 22/03/2026 Books